| 000 | 01149nac a22003131u 4500 | ||
|---|---|---|---|
| 003 | EG-ScBUE | ||
| 005 | 20211104114210.0 | ||
| 008 | 100902t1981 nyua f b 001 0 eng d | ||
| 020 | _a007035474X | ||
| 040 |
_aEG-ScBUE _beng _erda _cEG-ScBUE _dEG-ScBUE |
||
| 082 | 0 | 4 |
_a621.47 _bSOL _222 |
| 245 | 0 | 0 |
_aSolar energy handbook / _ceditor-in-chief Jan F. Kreider, associates engineers and Frank Kreith, Solar Energy Research Institute. |
| 264 | 1 |
_aNew York : _bMcGraw-Hill Book Company, _c[1981] |
|
| 264 | 4 | _cc1981 | |
| 300 |
_a1 volume (various pagings) : _billustrations ; _c23 cm. |
||
| 336 |
_2rdacontent _atext _btxt |
||
| 337 |
_2rdamedia _aunmediated _bn |
||
| 338 |
_2rdacarrier _avolume _bnc |
||
| 490 | 0 | _aMcGraw-Hill series in modern structures : systems and management | |
| 504 | _aIncludes bibliographical references and index. | ||
| 650 | 7 |
_aSolar energy _xHandbooks, manuals, etc. _917789 _2BUEsh |
|
| 651 | _2BUEsh | ||
| 653 |
_bENGPET _cNovember2021 |
||
| 655 |
_vReading book _934232 |
||
| 700 | 1 |
_aKreider, Jan F., _d1942- _eeditor. _917790 |
|
| 700 | 1 |
_aKreith, Frank, _eeditor. _917791 |
|
| 942 |
_cBB _2ddc |
||
| 999 |
_c3940 _d3940 |
||